000
00276nam a2200109Ia 4500
008
200302s9999 xx 000 0 und d
100
_a
B. J. Smith & Others
245
_a
Acoustics and Noise Control 2nd ed.
260
_b
Longman Group UK Ltd.
260
_c
1996
300
_a
330 P.,
999
_c
940
_d
940